Visualizzazione normale
Vista MARC
- Bravo Buccolo Colacrai D'Alessandro Da Silva Gandolfo Maggi Martini Reggio Rocca Romanini Roveran Sassi Stella Tarantino Torbidoni
di Personal Name
Records bibliografici associati: 1
001 - CONTROL NUMBER
- control field: 169
003 - CONTROL NUMBER IDENTIFIER
- control field: IT-RoPau
005 - DATE AND TIME OF LATEST TRANSACTION
- control field: 20130116094957.0
008 - FIXED-LENGTH DATA ELEMENTS
- fixed length control field: 130116|| aca||aabn | a|a d
040 ## - CATALOGING SOURCE
- Original cataloging agency: IT-RoPau
- Transcribing agency: IT-RoPau
100 ## - HEADING--PERSONAL NAME
- Personal name: Bravo Buccolo Colacrai D'Alessandro Da Silva Gandolfo Maggi Martini Reggio Rocca Romanini Roveran Sassi Stella Tarantino Torbidoni
- Titles and other words associated with a name: ssp
670 ## - SOURCE DATA FOUND
- Source citation: Work cat.: (IT-RoPau): Bravo Buccolo Colacrai D'Alessandro Da Silva Gandolfo Maggi Martini Reggio Rocca Romanini Roveran Sassi Stella Tarantino Torbidoni ssp, Conoscere Don Alberione (1884-1907), 1994